Paite-English dictionary / (Record no. 2314)
[ view plain ]
| 000 -LEADER | |
|---|---|
| fixed length control field | 00721nam a2200253 i 4500 |
| 001 - CONTROL NUMBER | |
| control field | 4626112 |
| 003 - CONTROL NUMBER IDENTIFIER | |
| control field | GBCCL |
| 005 - DATE AND TIME OF LATEST TRANSACTION | |
| control field | 20241126110426.0 |
| 008 - FIXED-LENGTH DATA ELEMENTS--GENERAL INFORMATION | |
| fixed length control field | 800408s1972 xx d 000 0 eng |
| 010 ## - | |
| -- | 77900372 |
| 020 ## - INTERNATIONAL STANDARD BOOK NUMBER | |
| Terms of availability | 500.00 |
| 040 ## - CATALOGING SOURCE | |
| Original cataloging agency | DLC |
| Transcribing agency | DLC |
| Modifying agency | DLC |
| 041 0# - | |
| -- | engsit |
| 050 00 - | |
| -- | PL4001.P284 |
| -- | K3 |
| 082 ## - DEWEY DECIMAL CLASSIFICATION NUMBER | |
| Classification number | 423 |
| Item number | PAI |
| 100 1# - MAIN ENTRY--PERSONAL NAME | |
| Personal name | Guite, Pumkhogin |
| 9 (RLIN) | 4788 |
| 245 10 - TITLE STATEMENT | |
| Title | Paite-English dictionary / |
| Statement of responsibility, etc. | compiled and edited by Pumkhogin Guite |
| 250 ## - EDITION STATEMENT | |
| Edition statement | Rev. and enlarged |
| 260 ## - PUBLICATION, DISTRIBUTION, ETC. | |
| Place of publication, distribution, etc. | Churachandpur: |
| Name of publisher, distributor, etc. | Pumkhogin guite |
| Date of publication, distribution, etc. | 2016 |
| 300 ## - PHYSICAL DESCRIPTION | |
| Extent | 568 p. ; |
| Dimensions | 23 cm. |
| 650 #0 - SUBJECT ADDED ENTRY--TOPICAL TERM | |
| Topical term or geographic name entry element | English language |
| General subdivision | Dictionaries |
| -- | Paite. |
| 9 (RLIN) | 4789 |
| 906 ## - LOCAL DATA ELEMENT F, LDF (RLIN) | |
| a | 7 |
| b | cbc |
| c | orignew |
| d | 4 |
| e | ncip |
| f | 19 |
| g | y-gencatlg |
| 942 ## - ADDED ENTRY ELEMENTS (KOHA) | |
| Source of classification or shelving scheme | Dewey Decimal Classification |
| Koha item type | Reference Books |
| Withdrawn status | Lost status | Source of classification or shelving scheme | Damaged status | Not for loan | Home library | Current Library | Shelving location | Date acquired | Total checkouts | Full call number | Barcode | Date last seen | Copy number | Price effective from | Koha item type |
|---|---|---|---|---|---|---|---|---|---|---|---|---|---|---|---|
| Dewey Decimal Classification | GRACE BIBLE COLLEGE | GRACE BIBLE COLLEGE | Dictionary | 2017-08-01 | 423 PAI | 014088 | 2025-05-01 | c.1 | 2017-08-01 | Reference Books | |||||
| Dewey Decimal Classification | GRACE BIBLE COLLEGE | GRACE BIBLE COLLEGE | Dictionary | 2017-08-01 | 423 PAI | 014089 | 2025-05-01 | c.2 | 2017-08-01 | Reference Books |